| Tag |
First Indicator |
Second Indicator |
Subfields |
| LEADER |
00000cam a2200000 4500 |
| 001 |
in00000048115 |
| 005 |
20151007065538.0 |
| 008 |
740305s1953 nyu 00000 eng u |
| 010 |
|
|
|a 53005610
|
| 035 |
|
|
|a (OCoLC)00820457
|
| 035 |
|
|
|9 AAE2210AM
|
| 040 |
|
|
|c CWR
|d TXA
|d UtOrBLW
|
| 049 |
|
|
|a TXAM
|c [245482]
|
| 050 |
0 |
0 |
|a Q171
|b .K2
|
| 092 |
|
|
|a 504
|b K11e
|
| 100 |
1 |
|
|a Kaempffert, Waldemar,
|d 1877-1956.
|
| 245 |
1 |
0 |
|a Explorations in science.
|
| 264 |
|
1 |
|a New York :
|b Viking Press,
|c 1953.
|
| 300 |
|
|
|a vii, 296 pages ;
|c 23 cm.
|
| 336 |
|
|
|a text
|b txt
|2 rdacontent
|
| 337 |
|
|
|a unmediated
|b n
|2 rdamedia
|
| 338 |
|
|
|a volume
|b nc
|2 rdacarrier
|
| 650 |
|
0 |
|a Science.
|
| 999 |
|
|
|a MARS
|
| 999 |
f |
f |
|s f5505ef3-861d-3491-bb24-b2ec800b8035
|i 1669c103-f568-39eb-95dd-9ac44f12c3d4
|t 0
|
| 952 |
f |
f |
|p ric
|a Texas A&M University
|b Rellis Campus
|c Joint Library Facility
|d Remote Storage
|t 0
|e Q171 .K2
|h Library of Congress classification
|i unmediated -- volume
|m A14800892878
|
| 998 |
f |
f |
|a Q171 .K2
|t 0
|l Remote Storage
|